000 00895nam a22001937a 4500
005 20251204172833.0
008 230704b ||||| |||| 00| 0 eng d
082 _aDPer 370.15 J826 April-May 2020 v. 112 n. 3-4
100 _aMihalca, Loredana.
_eauthor.
_948569
245 _aEffects of induced levels of prior knowledge on monitoring accuracy and performance when learning from self-regulated problem solving /
_cLoredana Mihalca and Christoph Mengelkamp.
260 _aWashington ;
_bAmerican Psychological Association ,
_cMay 2020.
300 _aVolume 112, pages 795-810 :
_billustration ;
_c28 cm.
500 _aJournal of Educational Psychology, vol. 112, no. 4, pages 795-810, May 2020.
650 _aProblem solving.
_948570
650 _aPsychology.
_948571
700 _aMihalca, Loredana.
_eauthor.
_948569
700 _aMengelkamp, Christoph.
_eauthor.
_948572
942 _2ddc
_cPER
999 _c18111
_d18111